000 00855nam a2200277 i 4500
003 EG-ScBUE
005 20260517103624.0
008 090614r20022000ii a f 001 0 eng d
020 _a8178084988
020 _a9788178084985
040 _aEG-ScBUE
_beng
_erda
_cEG-ScBUE
_dEG-ScBUE
082 0 4 _a514
_bMUN
_222
100 1 _aMunkres, James R.,
_eauthor.
_942054
245 1 0 _aTopology /
_cJames R. Munkres, Massachusetts Institute of Technology.
250 _aSecond edition.
250 _aReprint edition.
264 1 _aNew Delhi :
_bPearson Education,
_c2002.
300 _a537 pages :
_billustrations ;
_c20 cm
336 _2rdacontent
_atext
_btxt
337 _aunmediated
_2rdamedia
_bn
338 _avolume
_bnc
_2rdacarrier
500 _aIncludes index.
650 7 _96178
_aTopology.
_2BUEsh
655 _vReading book
_942049
942 _2ddc
_cBB
999 _c11833
_d11833